00000000nam##2200000za#4500
0019.614886
003CaOODSP
00520240527135427
007ta
008150406|2000||||xxc|||||     f|0| 0 eng|d
020 |a0-662-28024-5
022 |a0831-6481
040 |aCaOODSP|beng
043 |an-cn---
0861 |aCW69-5/337E
1102 |aCanadian Wildlife Service.
24510|aMethods for the determination of metals in wildlife tissues using various atomic absorption spectrophotometry techniques / |cby E. A. Neugebauer, G. L. Sans Cartier and B. J. Wakeford.
260 |aOttawa - Ontario : |bEnvironment Canada. |c2000.
300 |aiv, 116p. in various pagings. ; |c28 cm.
4901 |aTechnical report series|x0831-6481|v337
546 |aRésumés en français
563 |aSpiral binding
590 |a00-35|b2000-09-01
69007|aWildlife|2gcpds
69007|aToxicology|2gcpds
7201 |aNeugebauer, E. A.
7201 |aSans Cartier, G. L.
7201 |aWakeford, B. J.
7760#|tMethods for the determination of metals in wildlife tissues using various atomic absorption spectrophotometry techniques / |w(CaOODSP)9.571423
830#0|aTechnical report series,|x0831-6481|v337|w(CaOODSP)9.514492